| 000 | 00684nam a22001817a 4500 | ||
|---|---|---|---|
| 003 | OSt | ||
| 005 | 20251106061713.0 | ||
| 008 | 251106b |||||||| |||| 00| 0 eng d | ||
| 020 | _a971-92065-0-0 | ||
| 040 |
_aDWCL-Main lib _cOC |
||
| 082 | _aFil. 370.15 T292 1998 | ||
| 100 | _aTenedero, H. | ||
| 245 |
_aBreaking the I.Q. myth : _blearning style, multiple intelligences, and emotional learning in the classroom environment _cTenedero, Henry S. |
||
| 260 |
_aManila : _bHenyo Publications, _c c1998 |
||
| 300 |
_aiv, 210 pages : _c23 cm. |
||
| 504 | _aIncludes bibliographical references | ||
| 942 |
_2ddc _cBK - FIL _hFil. 370.15 T292 1998 _kFil. _n0 |
||
| 999 |
_c5592 _d5592 |
||